书目信息 |
| 题名: |
太阳电池加工技术问答
|
|
| 作者: | 刘寄声 编著 | |
| 分册: | ||
| 出版信息: | 北京 化学工业出版社 2016.01 |
|
| 页数: | 246页 | |
| 开本: | 24cm | |
| 丛书名: | ||
| 单 册: | ||
| 中图分类: | TM914.4 | |
| 科图分类: | ||
| 主题词: | 太阳能电池 | |
| 电子资源: | ||
| ISBN: | 978-7-122-24601-1 | |
| 000 | 00842nam0 2200253 450 | |
| 001 | 0120151736864 | |
| 005 | 20170327083853.71 | |
| 010 | @a978-7-122-24601-1@dCNY68.00 | |
| 100 | @a20151228d2016 em y0chiy50 ea | |
| 101 | 0 | @achi |
| 102 | @aCN@b110000 | |
| 105 | @aak z 000yy | |
| 106 | @ar | |
| 200 | 1 | @a太阳电池加工技术问答@9tai yang dian chi jia gong ji shu wen da@f刘寄声编著 |
| 205 | @a2版 | |
| 210 | @a北京@c化学工业出版社@d2016.01 | |
| 215 | @a246页@c图@d24cm | |
| 330 | @a本书从提高太阳电池加工企业人员素质和能力入手,系统地叙述了太阳能光伏电池生产企业人员应知应会的技术和理论问题,并对大量疑问与难题进行了详细解答。 | |
| 333 | @a太阳电池加工技术人员 | |
| 606 | 0 | @a太阳能电池 |
| 690 | @aTM914.4@v5 | |
| 701 | 0 | @a刘寄声@9liu ji sheng@4编著 |
| 801 | 0 | @aCN@b人天书店@c20151228 |
| 905 | @b980478-81@dTM914.4@e134=2@f4 | |
| 太阳电池加工技术问答/刘寄声编著.-2版.-北京:化学工业出版社,2016.01 |
| 246页:图;24cm |
| 使用对象:太阳电池加工技术人员 |
| ISBN 978-7-122-24601-1:CNY68.00 |
| 本书从提高太阳电池加工企业人员素质和能力入手,系统地叙述了太阳能光伏电池生产企业人员应知应会的技术和理论问题,并对大量疑问与难题进行了详细解答。 |
| ● |
| 相关链接 |
|
|
|
|
正题名:太阳电池加工技术问答
索取号:TM914.4/134=2
 
预约/预借
| 序号 | 登录号 | 条形码 | 馆藏地/架位号 | 状态 | 备注 |
| 1 | 980478 | 209804782 | 第二样本阅览室/ [索取号:TM914.4/134=2] | 在馆 | |
| 2 | 980479 | 209804791 | 第三借阅区/ [索取号:TM914.4/134=2] | 在馆 | |
| 3 | 980480 | 209804808 | 第三借阅区/ [索取号:TM914.4/134=2] | 在馆 | |
| 4 | 980481 | 209804817 | 密集书库-物理学院/ [索取号:TM914.4/134=2] | 在馆 |